000 00819nam 22002533 4500
001 197857
010 _a972-20-1598-2
021 _aPT
_b136168/99
090 _a197857
100 _a20250915d u||y0pory50 ba
101 _apor
102 _aPT
200 _aAventuras de João Sem Medo
_ePanfleto Mágico em Forma de Romance
_fJosé Gomes Ferreira
205 _a19ª (1ª ed. de bolso)
210 _aLisboa
_cPublicações Dom Quixote
_d1999
215 _a233, [7] p.
_cBrochado
_d18 cm
225 _aBiblioteca de Bolso
_eLiteratura
_v3
300 _aContos juvenis
606 _99253
_aLiteratura Juvenil Portuguesa
_xContos
675 _a821.134.3-34-93/FER/AVE
_vPT
_zpor
700 _93894
_aFerreira
_bJosé Gomes
_f1900-1985
801 _aPT
_bBMMN
_gRPC
830 _cCarlos Pinto
_d15-09-2025
_fCarlos Pinto
990 _cLIVROS